000 00552nam a2200193Ia 4500
003 LDD
008 181029s9999 xx 000 0 und d
020 _a8177587536
_c750.00
040 _cLDD
100 _aFutrell, Robert T.
245 0 _aQuality software project management
_cRobert T. Futrell
260 _aDelhi
_bDorling kindersley
_c2006
300 _axxxvi, 160
365 _b750.00
901 _a4219
_b04-02-2008
902 _a393
_b22-02-2008
_cF
_dUS
_e4
903 _aDiscount-20
_bReqst by : Sudhansh
942 _2ddc
_cBK
999 _c80517
_d80517